000 01078nam a2200301 i 4500
003 DO-SdBNP
005 20250509083819.0
007 ta
008 240209b2023 dr ||||| |||| 00| 0 spa d
020 _a9789945484601
040 _aDO-SdBNP
_bspa
_cBPMSU
_erda
082 4 _aRD861.5
_bM578p 2023
_222
100 _aMesa, Darihel,
_eautor
245 1 0 _aPacto con tu nombre :
_bpoesía /
_cDarihel Mesa ; edición, Ramón Mesa ; corrección, Ysabel Florentino.
246 1 4 _aPacto con tu nombre
264 _aSan Cristobal, República Dominicana :
_bEditores Flam,
_c2023.
300 _a87 páginas :
_bilustraciones ;
_c23 cm.
336 _atexto
_btxt
_2rdacontent
337 _asin mediación
_bn
_2rdamedia
338 _avolumen
_bnc
_2rdacarrier
500 _aIncluye datos biográficos del autor en las solapas
590 _aInventariado, 2025/VM
650 7 _aPoesías juveniles dominicanas
700 1 _aMesa, Ramón,
_ecuidado de edición
700 1 _aFlorentino, Ysabel,,
_ecorrección de texto
910 _aVMateo V. Control de calidad. BPMSU
942 _2ddc
_cBK
999 _c15044
_d15044